The art and craft of TV directing conversations with episodic television directors

Guardat en:
Dades bibliogràfiques
Autor principal: HEMPHILL, Jim
Format: Llibre
Idioma:anglès
Publicat: Routledge 2020
Etiquetes: Afegir etiqueta
Sense etiquetes, Sigues el primer a etiquetar aquest registre!

MARC

LEADER 00000nam a22000007a 4500
008 231103b |||||||| |||| 00| 0 eng d
020 |a 9780367152451 
100 |a HEMPHILL, Jim 
245 |a The art and craft of TV directing  |b conversations with episodic television directors  |c /Jim Hemphill  |g x,152p 
260 |b Routledge  |c 2020  |h London  |i 699611  |i 699612  |l PN1992.75.H37  |m Television series-Production and direction  |m Television-Production and directors  |m Television produces and directors- United States-Interviews 
500 |a it includes index 
942 |a lcc  |c BK  |e Johnson  |f 03/11/23 
952 |0 0  |1 0  |2 lcc  |4 0  |6 PN199275 H37  |7 0  |9 4615  |a ART  |b HOL  |c LP  |d 2023-11-03  |l 0  |o PN1992.75.H37  |p 2023-0534  |r 2023-11-03 00:00:00  |t 699611  |w 2023-11-03  |y BK 
952 |0 0  |1 0  |2 lcc  |4 0  |6 PN199275 H37  |7 0  |9 4616  |a HOL  |b HOL  |c LP  |d 2023-11-03  |l 0  |o PN1992.75.H37  |p 2023-0535  |r 2023-11-03 00:00:00  |t 699612  |w 2023-11-03  |y BK 
999 |c 2314  |d 2314